000 00220 a2200097 4500
001 43303
100 _aBayliss
245 _aJunior one act plays of today
260 _aLondon
_bGeorge guttural
_c
090 _c27142
_d27142
942 _aNUST-CAE
_cM
_c19050
999 _c278376
_d278376